Countries that border Serbia - Statistics

General Stats
  • This quiz has been taken 6,111 times
    5,463 since last reset
  • The average score is 8 of 8
Answer Stats
Border in km. Country % Correct
241 km Croatia
98%
302 km Bosnia and Herzegovina
97%
203 km Montenegro
95%
476 km Romania
95%
318 km Bulgaria
94%
151 km Hungary
93%
115 km Albania
92%
221 km Macedonia
92%
No matching quizzes found
Score Distribution
Percent of People with Each Score
Percentile by Number Answered
Your Score History
You have not taken this quiz since the last reset